00683nam a22001097a 4500040000800000082002200008100004600030245043000076260002600506300002500532856001600557 cRUA aVEM CHE B506 2015 aCHEA BUNTHA; ជា​ ប៊ុនថា aStudy on prevalence of gastrointestinal parasite in dog in Prekloung commune, Khsachkandal district, Kandal province; សិក្សាពីកម្រិតរាលដាលបរាសិតក្នុងក្រពះពោះវៀនរបស់សត្វសុនខ នៅឃុំព្រែកលួង ស្រុក​​​​ខ្សាច់កណ្ដាល​​ ខេត្តកណ្ដាល  aPhnom PenhbRUAc2015 aix; 44p;bill;c29cm uCHEA BUNTHA